تحميل...
Story of women of India /
| المؤلف الرئيسي: | |
|---|---|
| اللغة: | Undetermined |
| منشور في: |
India Book co,
1974
|
| LEADER | 00434nam a2200133Ia 4500 | ||
|---|---|---|---|
| 001 | 113436 | ||
| 008 | 170722s9999 xx 000 0 und d | ||
| 100 | |a Sengupta, Padmini | ||
| 245 | |a Story of women of India / | ||
| 260 | |b India Book co, |c 1974 | ||
| 300 | |a 273 |c 22 cm. | ||
| 942 | |c GEN | ||
| 999 | |c 8078 |d 8078 | ||
| 952 | |0 0 |1 0 |4 0 |6 Y_15_200000000000000_N7_L4_WS |7 0 |9 9214 |a LIB |b LIB |d 2017-08-12 |o Y15.2.N7 L4 (WS) |p 161276 |r 2017-08-12 |v 0.00 |w 2017-08-12 |y GEN | ||